Регионална библиотека "Любен Каравелов" - Русе

Как звучат суперколите (Запис номер 371509)

MARC детайли
000 -Лидер
Контролно поле с фиксирана дължина 01590nam a22003137a 4500
003 - Код на организацията, давaща контролен номер
Контролно поле BLK
005 - Дата и час на последна редакция
Контролно поле 20250416165318.0
008 - Елементи от данни с фиксирана дължина
fixed length control field 200630b bu ||||| |||| 00| 0 bu d
020 ## - Международен стандартен номер на книга ISBN
Международен стандартен номер на книга ISBN 978-619-01-0448-3
040 ## - Източник на каталожния запис
Идентификатор на билиотеката - собственик на записа BLK
041 ## - Код за език
Код за езика на текст/звукозапис или на отделно заглавие Български
Код за езика КДБФ Български
080 ## - УДК
Текстов определител УДК Издания за деца и юноши. Книжки-картинки. Читанки. Вж и 372.4
УДК код - определител по УДК 087.5
УДК - код + определител 087.5
100 1# - Редна дума - Автор
R(LIN) 110735
Автор Пинингтън, Андреа
Авторска отговорност първи автор
139 ## - Редно поле
Редна дума Пинингтън, Андреа и др.
Авторски знак Пи - П 51
245 ## - Сведения за заглавието
Заглавие Как звучат суперколите
Подзаглавни данни Книжка с картинки
Редно поле (дума) Андреа Пинингтън; съавт. Каз Бъкингам; прев. от англ. Ангелин Мичев
257 ## - Страна на издаване
Страна на създаване/издаване Съединени американски щати
260 ## - Област на издателските данни
9 (RLIN) 210881
Място на издаване, разпространение и проч. София
Име на издателя, разпространителя и проч. Изток-Запад
Година на издаване 2019
Издателство - префикс ISBN 978-619-01- ; 978-619-152- ; 978-954-321- ; 954-8945-
300 ## - Физическа характеристика
Страници [24] с.
Илюстрации и др. с цв. ил.
Размери/Мащаб 21Х26 см
380 ## - Жанр
Жанр Детска отраслова лит.
500 ## - Общи забележки
Забележка Кор. опис. - Ориг. загл., установено от доп. източник: The sound of supercars. - Кн. отпеч. на ламиниран картон. - Нестандартно оформление: с муз. кутия
650 #0 - Допълнително описание по предмет – тема
9 (RLIN) 267880
Основно описание – тема или топоним Книжки-картинки
653 #7 - Ключова дума – ненормативна
9 (RLIN) 188737
Ключова дума книги-игри
700 ## - Други автори (авторска отговорност)
9 (RLIN) 395556
Лично име Бъкингам, Каз
Автороска отговорност (Описва отношението между автора и произведението) съавт.
700 1# - Други автори (авторска отговорност)
Лично име Мичев, Ангелин Димитров
9 (RLIN) 98175
852 ## - Местоположение
Форматна сигнатура Цб 299470
Фондова буква Хранилище
999 ## - СИСТЕМНИ КОНТРОЛНИ НОМЕРА
Koha biblionumber 371509
Koha biblioitemnumber 371509
942 ## - АРТИКУЛИ
Вид на библиотечния материал Книги
Скрит в OPAC Не
Периодичен библиозапис Да
Koha issues (borrowed), all copies 25
944 ## - СЪЗДАВАНЕ И РЕДАКЦИЯ на ЗАПИСА
Създаване/Редакция Създаване
Дата на регистрацията/редакция 2020-06-30
Служител, извършил регистрацията/редакцията 30551
Статус, дата на статуса Бояна Костадинова
999 ## - СИСТЕМНИ КОНТРОЛНИ НОМЕРА
Koha biblioitemnumber 371509
Наличности
Код за отписване Код за изгубен артикул Източник на класификационната схема Код за повреда Коз за рестрикции Код за отдаване Артикулен № Име на библиотеката - собственик Име на библиотеката, в която се намира в момента Статус (Текущо местоположение) Дата на вписване в системата Местоположение - отдел Цена в лева Систематично азбучна сигнатура Баркод Цена в евро Служебен тип на артикула
  Не е изгубен Universal Decimal Classification Не е повреден без рестрикции ползва се в читалня 780262 Регионална библиотека "Любен Каравелов" Русе Регионална библиотека "Любен Каравелов" Русе Хранилище 2020-07-03 Хранилище 20.00 Цб 299470 120000844112 10.23 Книги
  Не е изгубен Universal Decimal Classification Не е повреден без рестрикции заемане за дома 922037 Регионална библиотека "Любен Каравелов" Русе Регионална библиотека "Любен Каравелов" Русе Детски отдел 2023-01-19 Детски отдел 13.99 087.5/П 51 А 120000881632 7.15 Книги
Vip Innovations Ltd, Rousse, Bulgaria 2025